Портретът на Яворов (Запис номер 190821)
[ съкратено ]
| 000 -Лидер | |
|---|---|
| Контролно поле с фиксирана дължина | 01907nam a2200457 a 4500 |
| 003 - Код на организацията, давaща контролен номер | |
| Контролно поле | BLK |
| 005 - Дата и час на последна редакция | |
| Контролно поле | 20240623004013.0 |
| 008 - Елементи от данни с фиксирана дължина | |
| fixed length control field | 180411b bul|||||r ||||||| ||bul|| |
| 010 ## - Наследен системен номер | |
| LC control number | KNG00199971000 |
| 040 ## - Източник на каталожния запис | |
| Идентификатор на билиотеката - собственик на записа | BLK |
| 041 ## - Код за език | |
| Код за езика на текст/звукозапис или на отделно заглавие | Български |
| Код за езика КДБФ | Български |
| Други езици | Английски |
| 080 ## - УДК | |
| Текстов определител УДК | Българска литература |
| УДК код - определител по УДК | 821.163.2 |
| УДК определител | (092) |
| УДК - код + определител | 821.163.2(092) |
| 080 ## - УДК | |
| Текстов определител УДК | Български поет |
| УДК код - определител по УДК | 929 Яворов, Пейо Крачолов |
| УДК - код + определител | 929 Яворов, Пейо Крачолов |
| 100 1# - Редна дума - Автор | |
| Автор | Памуков, Стефан |
| Авторска отговорност | първи автор |
| R(LIN) | 365612 |
| 139 ## - Редно поле | |
| Редна дума | Памуков, Стефан |
| Авторски знак | Яво - Я 18 |
| 245 10 - Сведения за заглавието | |
| Заглавие | Портретът на Яворов |
| Подзаглавни данни | Етюд |
| Редно поле (дума) | Стефан Памуков. |
| 246 11 - Различни форми на заглавието | |
| Паралелно заглавие | A portrait of Yavorov : A study |
| 257 ## - Страна на издаване | |
| Страна на създаване/издаване | България |
| 260 ## - Област на издателските данни | |
| Място на издаване, разпространение и проч. | Пловдив |
| Име на издателя, разпространителя и проч. | SM |
| Година на издаване | 1991 |
| Печатница | Пловдив : Полиграфия |
| 300 ## - Физическа характеристика | |
| Страници | 112 с. |
| Илюстрации и др. | с ил., портр. |
| Размери/Мащаб | 20 см |
| 380 ## - Жанр | |
| Жанр | Литературознание |
| 500 ## - Общи забележки | |
| Забележка | Кн. е деп. 1993 г. - Текст. и на англ. ез. / Прев. М. Коле. - Библиогр. под линия. - 10 000 тир. |
| 650 #4 - Допълнително описание по предмет – тема | |
| Основно описание – тема или топоним | Поети, български - биографии |
| 9 (RLIN) | 277817 |
| 650 #0 - Допълнително описание по предмет – тема | |
| Основно описание – тема или топоним | Писатели, български - биографии |
| 9 (RLIN) | 243085 |
| 650 #4 - Допълнително описание по предмет – тема | |
| Основно описание – тема или топоним | България - литературознание |
| 9 (RLIN) | 244446 |
| 653 ## - Ключова дума – ненормативна | |
| Ключова дума | български писатели |
| 653 ## - Ключова дума – ненормативна | |
| Ключова дума | български поети |
| 653 ## - Ключова дума – ненормативна | |
| Ключова дума | биографии |
| 653 ## - Ключова дума – ненормативна | |
| Ключова дума | портрети |
| 653 ## - Ключова дума – ненормативна | |
| Ключова дума | литературознание |
| 653 ## - Ключова дума – ненормативна | |
| Ключова дума | Пейо Яворов |
| 720 ## - Неконтролирано име | |
| Паралелен автор | Stephan Pamukov |
| Ключова дума за отношение (Описва отношението между автора и произведението) | паралелен автор |
| 852 ## - Местоположение | |
| Форматна сигнатура | Цб 172353 |
| Фондова буква | Хранилище |
| 856 4# - Електронен адрес и достъп | |
| Електронен формат | pdf - файл |
| Инструкция (цена за достъп) | 0.00 |
| Права за достъп | disable |
| 856 4# - Електронен адрес и достъп | |
| Електронен формат | pdf - файл |
| Инструкция (цена за достъп) | 0.00 |
| Права за достъп | disable |
| 942 ## - АРТИКУЛИ | |
| Вид на библиотечния материал | Книги |
| Скрит в OPAC | Не |
| Периодичен библиозапис | Да |
| 944 ## - СЪЗДАВАНЕ И РЕДАКЦИЯ на ЗАПИСА | |
| Създаване/Редакция | Създаване |
| Дата на регистрацията/редакция | 06.02.2017 |
| Служител, извършил регистрацията/редакцията | |
| Статус, дата на статуса | CRON CRON |
| 944 ## - СЪЗДАВАНЕ И РЕДАКЦИЯ на ЗАПИСА | |
| Създаване/Редакция | Редакция |
| Дата на регистрацията/редакция | 06.02.2017 |
| Служител, извършил регистрацията/редакцията | Севдалина_Василева |
| 999 ## - СИСТЕМНИ КОНТРОЛНИ НОМЕРА | |
| Koha biblionumber | 190821 |
| Koha biblioitemnumber | 190821 |
| 999 ## - СИСТЕМНИ КОНТРОЛНИ НОМЕРА | |
| Koha biblioitemnumber | 190821 |
| 999 ## - СИСТЕМНИ КОНТРОЛНИ НОМЕРА | |
| Koha biblioitemnumber | 190821 |
| Код за отписване | Код за изгубен артикул | Източник на класификационната схема | Код за повреда | Коз за рестрикции | Код за отдаване | Артикулен № | Име на библиотеката - собственик | Име на библиотеката, в която се намира в момента | Статус (Текущо местоположение) | Дата на вписване в системата | Местоположение - отдел | Цена в лева | Инвентарен номер | Систематично азбучна сигнатура | Баркод | Номер на екземпляра | Цена в евро | Служебна бележка | Служебен тип на артикула |
|---|---|---|---|---|---|---|---|---|---|---|---|---|---|---|---|---|---|---|---|
| Не е изгубен | Universal Decimal Classification | Не е повреден | без рестрикции | ползва се в читалня | 335501 | Регионална библиотека "Любен Каравелов" Русе | Регионална библиотека "Любен Каравелов" Русе | Хранилище | 1991-01-01 | Хранилище | 0.53 | 576985 | Цб 172353 | 120000576985 | 1 | 0.27 | Дост: Dp Вид: Д N: стар фонд Дата: 01.01.1991 | Книги | |
| Не е изгубен | Universal Decimal Classification | Не е повреден | заемане за дома | 942630 | Регионална библиотека "Любен Каравелов" Русе | Регионална библиотека "Любен Каравелов" Русе | Заемна - подръчен фонд | 2024-04-25 | Заемна - подръчен фонд | 15.00 | 120000901651 | 821.163.2.09(092)/Я 18 П | 120000901651 | 7.67 | Книги | ||||
| Не е изгубен | Universal Decimal Classification | Не е повреден | заемане за дома | 942631 | Регионална библиотека "Любен Каравелов" Русе | Регионална библиотека "Любен Каравелов" Русе | Заемна - подръчен фонд | 2024-04-25 | Заемна - подръчен фонд | 15.00 | 120000901650 | 821.163.2.09(092)/Я 18 П | 120000901650 | 7.67 | Книги |